<?xml version="1.0" encoding="UTF-8"?>
<collection xmlns="http://www.loc.gov/MARC21/slim">
 <record>
  <leader>00978pamaa2200205   4500</leader>
  <controlfield tag="001">0000022018</controlfield>
  <controlfield tag="005">20110126090000.0</controlfield>
  <datafield tag="020" ind1="0" ind2="0">
   <subfield code="a">[ nil ] </subfield>
  </datafield>
  <datafield tag="090" ind1="0" ind2="0">
   <subfield code="a">TJ145 </subfield>
   <subfield code="b">HON 1998</subfield>
  </datafield>
  <datafield tag="100" ind1="1" ind2="0">
   <subfield code="a">HO NYUK CHANG </subfield>
  </datafield>
  <datafield tag="245" ind1="1" ind2="2">
   <subfield code="a">A study of durability of materials towards reaction of water by Ho Nyuk Chang.  2. A study on shallow foundation by Kang Hong Kee.  3. A study on the use of expended polystyrene blocks (foam) as backfill for retaining wall by Oh Mei Kin.  4. Comparative study between the design of construction and application of composite slab with the reinforce slab by Chok Lian Seong.  5. Comparison of flat-slab and beam-slab door by Tan Kiang Ming.</subfield>
  </datafield>
  <datafield tag="260" ind1="0" ind2="0">
   <subfield code="a">Nilai: </subfield>
   <subfield code="b">INTI College Malaysia, </subfield>
   <subfield code="c">April 1998.</subfield>
  </datafield>
  <datafield tag="300" ind1=" " ind2=" ">
   <subfield code="a">Volume I.</subfield>
  </datafield>
  <datafield tag="440" ind1="0" ind2="0">
   <subfield code="a">Diploma in civil engineering project paper</subfield>
  </datafield>
  <datafield tag="650" ind1="0" ind2="0">
   <subfield code="a">Project paper </subfield>
  </datafield>
  <datafield tag="650" ind1="0" ind2="0">
   <subfield code="a">Civil engineering -- </subfield>
   <subfield code="x">Project paper </subfield>
  </datafield>
  <datafield tag="700" ind1="1" ind2="1">
   <subfield code="a">KANG HONG KEE </subfield>
  </datafield>
  <datafield tag="700" ind1="1" ind2="1">
   <subfield code="a">OH MEI KIN </subfield>
  </datafield>
  <datafield tag="700" ind1="1" ind2="1">
   <subfield code="a">CHOK LIAN SEONG </subfield>
  </datafield>
  <datafield tag="700" ind1="1" ind2="1">
   <subfield code="a">TAN KIANG MING </subfield>
  </datafield>
 </record>
</collection>
